<?xml version="1.0" encoding="UTF-8"?>
<collection xmlns="http://www.loc.gov/MARC21/slim">
 <record>
  <leader>05889nam a2200265 a 4500</leader>
  <controlfield tag="001">1/49399</controlfield>
  <controlfield tag="008">200710s2008    gr ah    i    00010 gre  </controlfield>
  <datafield tag="020" ind1=" " ind2=" ">
   <subfield code="a">9789608839779</subfield>
  </datafield>
  <datafield tag="035" ind1=" " ind2=" ">
   <subfield code="l">52402</subfield>
  </datafield>
  <datafield tag="040" ind1=" " ind2=" ">
   <subfield code="a">GR-PeUP</subfield>
  </datafield>
  <datafield tag="082" ind1="0" ind2="0">
   <subfield code="a">349.4955 ΣΥΝ</subfield>
  </datafield>
  <datafield tag="245" ind1="0" ind2="0">
   <subfield code="a">Συνταγματικά κείμενα των Ιονίων Νήσων /</subfield>
   <subfield code="c">σχεδιασμός και επιμέλεια της έκδοσης Αλίκη Δ. Νικηφόρου ; [μεταφράσεις Αργύρης Μάρκου, Αλίκη Δ. Νικηφόρου, Μαρίνος Σαρηγιάννης] .</subfield>
  </datafield>
  <datafield tag="260" ind1="0" ind2=" ">
   <subfield code="a">Αθήνα :</subfield>
   <subfield code="b">Ίδρυμα της Βουλής των Ελλήνων για τον Κοινοβουλευτισμό και τη Δημοκρατία,</subfield>
   <subfield code="c">c2013.</subfield>
  </datafield>
  <datafield tag="300" ind1=" " ind2=" ">
   <subfield code="a">892 σ., [16] σ. με πίνακες :</subfield>
   <subfield code="b">εικ. (μέρ. έγχρ.), πανομ. ;</subfield>
   <subfield code="c">25 εκ.</subfield>
  </datafield>
  <datafield tag="500" ind1=" " ind2=" ">
   <subfield code="a">Κείμενα στα ελληνικά καθώς και εγγραφά στα αγγλικά, γαλλικά, ιταλικά και τουρκικά.</subfield>
  </datafield>
  <datafield tag="504" ind1=" " ind2=" ">
   <subfield code="a">Περιέχει βιβλιογραφικές αναφορές και ευρετήριο: σ. [865]-885.</subfield>
  </datafield>
  <datafield tag="520" ind1=" " ind2=" ">
   <subfield code="a">Η έλευση των Δημοκρατικών Γάλλων στα Ιόνια νησιά (1797) και η υπαγωγή τους στο γαλλικό Σύνταγμα της 5ης Καρποδώρου του Γ΄έτους της Γαλλικής Δημοκρατίας (22ας Αυγούστου 1795), επηρέασαν βαθιά την πολιτική σκέψη των Ιονίων, που είχε ακονιστεί στην άσκηση μιας μακραίωνης διαχείρισης της τοπικής διοίκησης, σε καθεστώς απολυταρχικής διακυβέρνησης. Αυτός είναι και ο λόγος που οι Επτανήσιοι δεν δυσκολεύτηκαν να υιοθετήσουν το αξίωμα, το οποίο, κατά το συντοπίτη τους ποιητή Ούγκο Φώσκολο, επικράτησε σε ολόκληρη την Ευρώπη, ύστερα από τη Γαλλική Επανάσταση: &quot;αρκεί, ένα γραπτό Σύνταγμα, για να βελτιωθούν τα πολιτικά συστήματα και να θεραπευτούν όλες οι αδυναμίες ενός Έθνους&quot;. Δεν είναι τυχαίο ότι, κατά την πρώτη κιόλας δεκαετία -ύστερα από τη λύση του δεσμού τους με το &quot;φοβερό&quot; λιοντάρι του Αγίου Μάρκου και παρά το γεγονός ότι δεν έλειψαν οι επικυριαρχίες νέων &quot;Προστατών&quot;- οι Επτανήσιοι κατόρθωσαν να αρθρώσουν, και μάλιστα σε όλα τα επίπεδα της κοινωνικής τους διαστρωμάτωσης, σε πέντε διαφορετικές χρονικά περιστάσεις, συνταγματικό λόγο, χωρίς να πάψουν στη συνέχεια να αγωνίζονται έως και την Ένωση τους με την Ελλάδα (1864) για τη βελτίωση και τον εκδημοκρατισμό του. Έντυπες εκδόσεις και χειρόγραφα των &quot;Συνταγματικών Κειμένων των Ιονίων Νήσων&quot; του 19ου αιώνα, διατυπωμένα στα ελληνικά, ιταλικά, αγγλικά, γαλλικά και οθωμανικά, συγκεντρώθηκαν σε τούτη την έκδοση μαζί με το σχετικό με τα συντάγματα πολιτικό λόγο Ούγκο Φώσκολου, απόλυτα ταυτισμένο με τη σκέψη, τις προθέσεις και τις ενέργειες του Ιωάννη Καποδίστρια. Η ανάδειξη του συνόλου του, μέχρι πρότινος, δυσεύρετου επτανησιακού συνταγματικού λόγου, κρίθηκε σκόπιμο να συνοδευτεί από την απόδοσή του στην ελληνική γλώσσα και το σχολιασμό του από ιστορικούς και συνταγματολόγους. Και τούτο, προκειμένου να εντοπιστούν και να ανιχνευθούν όλες οι δυνάμεις, εν πολλοίς αντίρροπες, επτανησιακές ή ευρωπαϊκές, συλλογικές ή μεμονωμένες, που συνέβαλαν στη διατύπωσή του, με την προσδοκία μιας επί της ουσίας συμβολής στην περαιτέρω προώθηση του επιστημονικού διαλόγου σε θέματα επτανησιακής, ελληνικής, ευρωπαϊκής και οθωμανικής ιστορίας.</subfield>
  </datafield>
  <datafield tag="650" ind1=" " ind2="4">
   <subfield code="a">Συντάγματα</subfield>
   <subfield code="z">Ελλάδα</subfield>
   <subfield code="z">Ιόνια Νησιά.</subfield>
  </datafield>
  <datafield tag="650" ind1=" " ind2="4">
   <subfield code="a">Συνταγματικό δίκαιο</subfield>
   <subfield code="z">Ελλάδα.</subfield>
  </datafield>
  <datafield tag="650" ind1=" " ind2="4">
   <subfield code="a">Constitutional law</subfield>
   <subfield code="z">Greece.</subfield>
  </datafield>
  <datafield tag="650" ind1=" " ind2="4">
   <subfield code="a">Constitutions</subfield>
   <subfield code="z">Greece.</subfield>
  </datafield>
  <datafield tag="700" ind1="1" ind2=" ">
   <subfield code="a">Σαρηγιάννης, Μαρίνος</subfield>
   <subfield code="d">1973-</subfield>
  </datafield>
  <datafield tag="700" ind1="1" ind2=" ">
   <subfield code="a">Νικηφόρου Αλίκη Δ.</subfield>
  </datafield>
  <datafield tag="700" ind1="1" ind2=" ">
   <subfield code="a">Μάρκου, Αργύρης.</subfield>
  </datafield>
  <datafield tag="852" ind1=" " ind2=" ">
   <subfield code="a">INST</subfield>
   <subfield code="b">UNIPILB</subfield>
   <subfield code="c">MAIN</subfield>
   <subfield code="e">20200710</subfield>
   <subfield code="h">349.4955 ΣΥΝ</subfield>
   <subfield code="p">00183222</subfield>
   <subfield code="q">00183222</subfield>
   <subfield code="t">LOAN</subfield>
   <subfield code="y">0</subfield>
   <subfield code="4">1</subfield>
  </datafield>
 </record>
</collection>
